000 00774nam a22002777a 4500
008 130424b xxu||||| |||| 00| 0 eng d
020 _a978-81-317-2325-8
024 _cAvailable
037 _cAvailable
040 _aMBSTU Library
_dMBSTU Library
082 _222
_a543 VOG
100 _a
110 _aMendham, J [et...al]
245 _aVogels text book of quantitative chemical analysis
250 _a6th edition
260 _aNew Delhi
_bPearson Education
_c2009
300 _a24 cm.
_bxxix,790 page
_f03
_g24 cm.
600 _aChemical Analysis
650 _2Chemical Analysis
700 _a
710 _aMendham, J [et...al]
270 _aNew Delhi
_bNew Delhi
_dIndia
365 _b675.00
_d675.00
942 _2ddc
_cBK
999 _c219
_d219